UM Logo
Normal view MARC view
  • Forgiveness.

Entry Topical Term

Number of records used in: 4

001 - CONTROL NUMBER

  • control field: 60835

003 - CONTROL NUMBER IDENTIFIER

  • control field: OSt

005 - DATE AND TIME OF LATEST TRANSACTION

  • control field: 20240912121028.0

008 - FIXED-LENGTH DATA ELEMENTS

  • fixed length control field: 240912|| aca||aabn | a|a d

040 ## - CATALOGING SOURCE

  • Original cataloging agency: OSt
  • Transcribing agency: OSt

150 ## - HEADING--TOPICAL TERM

  • Topical term or geographic name entry element: Forgiveness.

670 ## - SOURCE DATA FOUND

  • Source citation: Work cat.: (OSt)20537: Raj, Medha. author. 58016, The social costs of forgiving following multiple-victim transgressions /, August 2020.